000 01017cam a22003011 4500
999 _c130151
_d130151
001 2636712
003 ARRUPE
005 20200121125107.0
008 730515s1947 nyu b 000 0 eng
010 _a 47004417
040 _aDLC
_cDLC
_dDLC
050 0 0 _aPR3586
_b.S3
082 0 0 _a821.47
100 1 _aSamuel, Irene,
_d1915-
_948955
245 0 0 _aPlato and Milton
_c[by] Irene Samuel.
260 _aIthaca, N.Y.,
_bCornell university press,
_c1947.
300 _axi, 182 p.
_c23 cm.
490 0 _aCornell studies in English. Vol. xxxv
504 _a"A list of references to publications": p. 173-176.
600 1 0 _aMilton, John,
_d1608-1674
_xPhilosophy.
_948956
600 0 0 _aPlato
_xInfluence.
_915066
650 0 _aPhilosophy, English
_y17th century.
_948957
650 0 _aEnglish poetry
_xGreek influences.
_948958
650 0 _aPhilosophy in literature.
_94752
830 0 _aCornell studies in English ;
_v35.
_948959
906 _a7
_bcbc
_corignew
_du
_eocip
_f19
_gy-gencatlg
942 _2lcc
_cMONOGRAPH